|
|
|
|
| LEADER |
01120nam a2200265 a 4500 |
| 001 |
4889028 |
| 008 |
101013s1994 nyua b 001 0 eng d |
| 010 |
|
|
|a 93031842
|
| 020 |
|
|
|a 0688121411
|
| 020 |
|
|
|a 9780061336461
|
| 040 |
|
|
|a DLC
|c DLC
|d DLC
|d BD-DhAAL
|
| 082 |
0 |
0 |
|a 400
|2 20
|
| 100 |
1 |
|
|a Pinker, Steven,
|d 1954-
|
| 245 |
1 |
4 |
|a The language instinct :
|b how the mind creats language,/
|c Steven Pinker.
|
| 250 |
|
|
|a 1st ed.
|
| 260 |
|
|
|a New York :
|b W. Morrow and Co. ;
|b HarperCollins,
|c c1994.
|
| 300 |
|
|
|a 494 p. :
|b ill. ;
|c 25 cm.
|
| 504 |
|
|
|a Includes bibliographical references (p. 447-472) and index.
|
| 541 |
|
|
|e 00021320
|
| 650 |
|
0 |
|a Language and languages.
|
| 650 |
|
0 |
|a Biolinguistics.
|
| 852 |
4 |
|
|a Ayesha Abed Library
|j General shelf
|
| 999 |
|
|
|c 9780
|d 9780
|
| 952 |
|
|
|0 0
|1 0
|2 ddc
|4 0
|6 400_PIN_200000000000000
|7 0
|9 12452
|a BRACUL
|b BRACUL
|c GEN
|d 2010-10-13
|g 1750.00
|l 5
|m 11
|o 400 PIN
|p 3010021320
|r 2026-03-29
|s 2026-02-25
|t 1
|w 2010-10-13
|y BK
|
| 952 |
|
|
|0 0
|1 0
|2 ddc
|4 0
|6 400_PIN_200000000000000
|7 0
|9 12453
|a BRACUL
|b BRACUL
|c GEN
|d 2010-10-13
|g 1750.00
|l 4
|m 31
|o 400 PIN
|p 3010021321
|r 2018-05-14
|s 2017-08-20
|t 2
|w 2010-10-13
|y BK
|